| 000 | 01197nam a2200121Ia 4500 | ||
|---|---|---|---|
| 008 | 220620s9999||||xx |||||||||||||| ||und|| | ||
| 245 | 0 |
_aEnabling Sustainable Energy Transitions _bPractices of legitimation and accountable governance |
|
| 546 | _aEnglish[eng] | ||
| 650 | _aHuman Geography||Environment Studies||Environmental Geography||Energy Policy, Economics and Management||Development and Sustainability||Environmental Sciences||Environmental Studies||Development Studies||energy transitions||accountability||sustainability||relational change||institutional changes||legitimacy||material change||accountability analysis||accountability crisis||solar energy||history of sustainable energy||climate targets||electric mobility||urban climate and energy policy||Berlin’s energy transitions||Biodiversity conservation||energy extraction||open access||Human geography||Society & Social Sciences||The environment||Development & environmental geography||Energy technology & engineering||Energy industries & utilities||Sustainability | ||
| 700 | _aSareen, Siddharth | ||
| 856 | _uhttps://library.oapen.org/bitstream/20.500.12657/41751/1/2020_Book_EnablingSustainableEnergyTrans.pdf | ||
| 942 | _cEB | ||
| 999 |
_c28590 _d28590 |
||